|
|
|
|
| LEADER |
00000nam a2200000 a 4500 |
| 001 |
vtls001149609 |
| 003 |
SK-MaSNL |
| 005 |
20260301063154.0 |
| 008 |
240314s1990 CS 0 cze |
| 035 |
|
|
|a SNK000092471
|
| 040 |
|
|
|a SNK
|b slo
|c SNK
|e AACR2
|
| 041 |
0 |
|
|a cze
|
| 044 |
|
|
|a [CS]
|
| 100 |
1 |
|
|a Miler, Zdeněk,
|d 1921-2011
|4 aut
|9 195633
|
| 245 |
1 |
0 |
|a Jak krtek ke kalhotkám přišel
|c Zdeněk Miler, Eduard Petiška
|
| 250 |
|
|
|a 2. vyd.dotisk
|
| 260 |
|
|
|a Praha
|b Albatros
|c 1990
|
| 700 |
1 |
|
|a Petiška, Eduard,
|d 1924-1987
|4 aut
|9 113728
|
| 958 |
|
|
|a OND
|
| 999 |
|
|
|c 623161
|d 625091
|
| 952 |
|
|
|t P60, <05>, [BOOK], {605}
|a SNK
|b SNK
|y PREZ
|7 0
|p 17A0360702
|o snkSD 62877 D1
|0 0
|1 0
|4 0
|d 2002-10-23
|l 0
|r 2005-01-01 00:00:00
|w 2026-02-23
|